00784nam a2200205 i 450000100060000000300090000600500170001500700030003200800410003510000280007624501110010426000540021530000350026949000340030470000290033883000420036785200310040999900170044095201210045772212ES-MaACL20230906171348.0t|040827s1944 sp ||||1| spa d1 aGillespie, R. P.95696410aCálculo integral / cpor R.P. Guillespie ; versión castellana de la 3ª ed. inglesa por L. Bravo Gala. aMadrid : bDossat, c[1944] (fNuevas Gráficas) aXII, 143 p. : bil. ; c22 cm.1 aUniversity Mathematical texts1 aBravo Gala, Luis.9314820 aUniversity Mathematical texts9180736 aES-MaACLjD-8077 bR.27080 c72212d72212 00104070aATENEOMbATENEOMcSVId2008-01-17eSCl0oD-8077p901075600r2023-02-23 00:00:00w2023-02-23yMONOGRAFIA